000 00419nam a2200169Ia 4500
001 29425
003 IN-NITTTR
005 20251114233401.0
008 251113s9999||||xx |||||||||||||| ||eng||
040 _beng
040 _cIN-NITTTR
041 _aeng
082 _a621.38212 O7
245 0 _aOptical networking standards :
_b a comprehensive guide /
_cKazi, Khurram, ed
700 _aKazi, Khurram
942 _2ddc
_cBK
999 _c32053
_d32053